| 000 | 00972nam a2200193 i 4500 | ||
|---|---|---|---|
| 001 | 155948 | ||
| 003 | ES-MaACL | ||
| 005 | 20250909230534.0 | ||
| 008 | 011123s1877 sp |||| | spa d | ||
| 040 |
_aEXT _bspa _cEXT |
||
| 110 | 2 |
_aInstituto de Segunda Enseñanza de la Provincia de Badajoz. _9134558 |
|
| 245 | 1 | 0 |
_aResúmen de estado del Instituto Provincial de Badajoz durante el año académico de 1876 á 1877 / _cleido por su secretario Don Carlos Soler y Arqués en el acto de apertura de estudios celebrada en 1º de octubre de 1877. |
| 260 |
_aBadajoz : _b[s.n.], _c1877 ( _festablecimiento tipográfico de la Viuda de Arteaga) |
||
| 300 |
_a24, [13] p. ; _c21 cm. |
||
| 610 | 2 | 4 |
_aInstituto de Segunda Enseñanza de la Provincia de Badajoz- _xMemorias. _9160839 |
| 700 | 1 | 1 |
_aSoler y Arqués, Carlos, _d1836-1896 _9132802 |
| 852 |
_aES-MaACL _jT-707-F-4 _z-- Enc. hol., conservando la enc. original _z-- Enc. en un vol. facticio |
||
| 999 |
_c155948 _d155948 |
||